[Event "Pohár města Říčany 2018"]
[Site "Městské kulturní středisko U labutě"]
[Date "2019.08.27"]
[Round "5.1"]
[White "Neuman, Petr"]
[Black "Mladek, Richard"]
[Result "1/2-1/2"]
[WhiteElo "2392"]
[BlackElo "2266"]
[PlyCount "0"]
[EventDate "2019.08.24"]

1. c4 {[%clk 01:30:55]} {[%emt 00:00:04]} Nf6 {[%clk 01:30:55]} {[%emt
00:00:05]} 2. g3 {[%clk 01:31:02]} {[%emt 00:00:23]} g6 {[%clk 01:31:04]}
{[%emt 00:00:21]} 3. Bg2 {[%clk 01:31:26]} {[%emt 00:00:06]} Bg7 {[%clk
01:31:27]} {[%emt 00:00:06]} 4. Nc3 {[%clk 01:31:45]} {[%emt 00:00:11]} O-O
{[%clk 01:31:45]} {[%emt 00:00:12]} 5. d4 {[%clk 01:32:09]} {[%emt 00:00:05]}
c6 {[%clk 01:29:49]} {[%emt 00:02:27]} 6. e4 {[%clk 01:29:19]} {[%emt
00:03:20]} d6 {[%clk 01:30:06]} {[%emt 00:00:13]} 7. Nge2 {[%clk 01:29:15]}
{[%emt 00:00:34]} e5 {[%clk 01:30:07]} {[%emt 00:00:29]} 8. d5 {[%clk
01:29:24]} {[%emt 00:00:21]} cxd5 {[%clk 01:24:54]} {[%emt 00:05:42]} 9. cxd5
{[%clk 01:28:20]} {[%emt 00:01:34]} Bd7 {[%clk 01:25:14]} {[%emt 00:00:10]} 10.
O-O {[%clk 00:52:34]} {[%emt 00:36:15]} b5 {[%clk 01:20:15]} {[%emt 00:05:30]}
11. Bd2 {[%clk 00:40:18]} {[%emt 00:12:46]} Na6 {[%clk 01:16:09]} {[%emt
00:04:37]} 12. a3 {[%clk 00:39:39]} {[%emt 00:01:09]} b4 {[%clk 01:12:38]}
{[%emt 00:04:00]} 13. axb4 {[%clk 00:39:36]} {[%emt 00:00:34]} Nxb4 {[%clk
01:12:42]} {[%emt 00:00:26]} 14. Na2 {[%clk 00:33:22]} {[%emt 00:06:45]} Nxa2
{[%clk 01:11:38]} {[%emt 00:01:34]} 15. Rxa2 {[%clk 00:33:48]} {[%emt
00:00:04]} Bb5 {[%clk 01:10:00]} {[%emt 00:02:08]} 16. Re1 {[%clk 00:33:17]}
{[%emt 00:01:01]} Qb6 {[%clk 01:08:27]} {[%emt 00:02:03]} 17. Be3 {[%clk
00:32:15]} {[%emt 00:01:31]} Qb8 {[%clk 01:06:04]} {[%emt 00:02:53]} 18. Nc1
{[%clk 00:15:33]} {[%emt 00:17:12]} Rc8 {[%clk 00:53:36]} {[%emt 00:12:59]} 19.
f3 {[%clk 00:15:51]} {[%emt 00:00:12]} Qc7 {[%clk 00:49:06]} {[%emt 00:05:00]}
20. Bf1 {[%clk 00:15:38]} {[%emt 00:00:42]} Bxf1 {[%clk 00:44:50]} {[%emt
00:04:47]} 21. Rxf1 {[%clk 00:16:04]} {[%emt 00:00:05]} Nd7 {[%clk 00:44:52]}
{[%emt 00:00:28]} 22. Nd3 {[%clk 00:15:45]} {[%emt 00:00:49]} f5 {[%clk
00:43:24]} {[%emt 00:01:58]} 23. Nf2 {[%clk 00:14:40]} {[%emt 00:01:35]} Nb6
{[%clk 00:40:09]} {[%emt 00:03:45]} 24. Qd3 {[%clk 00:12:43]} {[%emt 00:02:26]}
Qc4 {[%clk 00:36:50]} {[%emt 00:03:50]} 25. Rfa1 {[%clk 00:10:36]} {[%emt
00:02:37]} Qxd3 {[%clk 00:33:13]} {[%emt 00:04:07]} 26. Nxd3 {[%clk 00:11:02]}
{[%emt 00:00:04]} Nc4 {[%clk 00:33:42]} 27. Bc1 {[%clk 00:10:00]} {[%emt
00:01:32]} Rc7 {[%clk 00:22:19]} {[%emt 00:11:53]} 28. Kf1 {[%clk 00:06:33]}
{[%emt 00:03:56]} Bf6 {[%clk 00:21:42]} {[%emt 00:01:08]} 29. Ke2 {[%clk
00:04:27]} {[%emt 00:02:36]} Rb7 {[%clk 00:19:38]} {[%emt 00:02:34]} 30. Ra6
{[%clk 00:03:04]} {[%emt 00:01:53]} Bd8 {[%clk 00:19:17]} {[%emt 00:00:50]} 31.
R1a4 {[%clk 00:01:41]} {[%emt 00:01:53]} Nb6 {[%clk 00:19:22]} {[%emt
00:00:25]} 32. Ra3 {[%clk 00:02:04]} {[%emt 00:00:07]} Rc7 {[%clk 00:17:42]}
{[%emt 00:02:10]} 33. Rxb6 {[%clk 00:00:36]} {[%emt 00:01:58]} Rc2+ {[%clk
00:17:21]} {[%emt 00:00:50]} 34. Kd1 {[%clk 00:01:00]} {[%emt 00:00:07]} Rxc1+
{[%clk 00:17:37]} {[%emt 00:00:14]} 35. Nxc1 {[%clk 00:01:26]} {[%emt
00:00:04]} Bxb6 {[%clk 00:18:03]} {[%emt 00:00:05]} 36. Nd3 {[%clk 00:01:31]}
{[%emt 00:00:25]} Bd4 {[%clk 00:15:48]} {[%emt 00:02:45]} 37. Ra6 {[%clk
00:01:52]} {[%emt 00:00:10]} Bb6 {[%clk 00:15:28]} {[%emt 00:00:49]} 38. Ra1
{[%clk 00:02:11]} {[%emt 00:00:11]} Kf7 {[%clk 00:11:29]} {[%emt 00:04:29]} 39.
Rc1 {[%clk 00:02:30]} {[%emt 00:00:11]} Ke7 {[%clk 00:11:58]} {[%emt 00:00:01]}
40. Ke2 {[%clk 00:02:44]} {[%emt 00:00:16]} Kd7 {[%clk 00:11:57]} {[%emt
00:00:30]} 41. g4 {[%clk 00:02:57]} {[%emt 00:00:17]} fxe4 {[%clk 00:12:11]}
{[%emt 00:00:16]} 42. fxe4 {[%clk 00:03:24]} {[%emt 00:00:04]} a5 {[%clk
00:09:22]} {[%emt 00:03:18]} 43. Rf1 {[%clk 00:02:47]} {[%emt 00:01:06]} Ke7
{[%clk 00:09:51]} {[%emt 00:00:01]} 44. Rc1 {[%clk 00:03:14]} {[%emt 00:00:03]}
Rb8 {[%clk 00:09:42]} {[%emt 00:00:39]} 45. Rc6 {[%clk 00:03:28]} {[%emt
00:00:16]} Kd7 {[%clk 00:10:03]} {[%emt 00:00:09]} 46. Kd2 {[%clk 00:03:33]}
{[%emt 00:00:25]} Bd4 {[%clk 00:10:25]} {[%emt 00:00:08]} 47. Ra6 {[%clk
00:03:40]} {[%emt 00:00:23]} Rb5 {[%clk 00:10:21]} {[%emt 00:00:34]} 48. Ra8
{[%clk 00:02:10]} {[%emt 00:02:00]} Kc7 {[%clk 00:10:00]} {[%emt 00:00:51]} 49.
Kc2 {[%clk 00:02:16]} {[%emt 00:00:24]} Rb7 {[%clk 00:09:36]} {[%emt 00:00:54]}
50. Rxa5 {[%clk 00:02:05]} {[%emt 00:00:41]} Kb6 {[%clk 00:10:05]} 51. Ra4
{[%clk 00:01:25]} {[%emt 00:01:10]} Rf7 {[%clk 00:10:25]} {[%emt 00:00:09]} 52.
Rc4 {[%clk 00:01:50]} {[%emt 00:00:05]} Rf3 {[%clk 00:10:20]} {[%emt 00:00:35]}
53. Rc6+ {[%clk 00:02:17]} {[%emt 00:00:03]} Kb5 {[%clk 00:10:47]} {[%emt
00:00:04]} 54. Rxd6 {[%clk 00:02:31]} {[%emt 00:00:16]} Rh3 {[%clk 00:11:15]}
{[%emt 00:00:01]} 55. Re6 {[%clk 00:01:41]} {[%emt 00:01:20]} Rxh2+ {[%clk
00:11:38]} {[%emt 00:00:07]} 56. Kb3 {[%clk 00:01:47]} {[%emt 00:00:25]} Rh3
{[%clk 00:12:01]} {[%emt 00:00:07]} 57. Kc2 {[%clk 00:02:15]} {[%emt 00:00:02]}
Rh2+ {[%clk 00:12:24]} {[%emt 00:00:07]} 58. Kb3 {[%clk 00:01:14]} {[%emt
00:01:31]} Rh3 {[%clk 00:12:19]} {[%emt 00:00:34]} 59. Kc2 {[%clk 00:01:40]}
{[%emt 00:00:04]} Kc4 {[%emt 00:01:14]} 60. Kd1 1/2-1/2

[Event "Pohár města Říčany 2018"]
[Site "Městské kulturní středisko U labutě"]
[Date "2019.08.27"]
[Round "5.2"]
[White "Svatos, Jan"]
[Black "Vojta, Tomas"]
[Result "1/2-1/2"]
[WhiteElo "2232"]
[BlackElo "2363"]
[PlyCount "0"]
[EventDate "2019.08.24"]

1. e4 c6 2. d4 d5 3. e5 c5 4. dxc5 Nc6 5. Bb5 e6 6. Be3 Ne7 7. Nf3 Nf5 8. Qd2 Nxe3 9. Qxe3 Qa5+ 10. Nc3 Bd7 11. a3 Be7 12. O-O O-O 13. b4 Qc7 14. Bxc6 bxc6 15. Ne2 a5 16. Ned4 Bc8 17. Nd2 f6 18. exf6 Rxf6 19. N2f3 Bd7 20. Ne5 Raf8 21. f4 Qc8 22. g4 h6 23. h4 Be8 24. g5 Rf5 25. Rae1 Bd8 26. Nd3 e5 27. Nxf5 Qxf5 28. Nxe5 Bc7 29. Rf2 Bh5 30. Nxc6 Qg4+ 31. Rg2 Qxh4 32. Ne7+ Kh7 33. Nxd5 Bxf4 34. Nxf4 Rxf4 35. Rf1 hxg5 36. Qg3 Rxf1+ 37. Kxf1 Qh1+ 38. Rg1 Qc6 39. Qd3+ g6 40. Rxg5 Qf6+ 41. Rf5 gxf5 42. c6 Qxc6 43. Qxf5+ Bg6 44. Qh3+ Kg7 45. bxa5 Qc4+ 46. Ke1 Qe4+ 47. Kf1 Qf4+ 48. Kg1 Qc1+ 49. Qf1 Qxc2 50. a6 Be4 51. Qf2 Qd1+ 52. Kh2 Qh5+ 53. Kg3 Qg5+ 54. Kh2 Qh6+ 55. Kg3 Qg5+ 56. Kh2 Qd5 57. a7 Kg8 58. Qg3+ Kh8 59. Qh3+ Kg8 60. Qg3+ Kh8 1/2-1/2

[Event "Pohár města Říčany 2018"]
[Site "Městské kulturní středisko U labutě"]
[Date "2019.08.27"]
[Round "5.3"]
[White "Vavrinec, Tomas"]
[Black "Petr, Jakub"]
[Result "0-1"]
[WhiteElo "1994"]
[BlackElo "2307"]
[PlyCount "0"]
[EventDate "2019.08.24"]

1. c4 e5 2. Nc3 Nf6 3. Nf3 Nc6 4. g3 d5 5. cxd5 Nxd5 6. Bg2 Nb6 7. O-O Be7
8. d3 O-O 9. Bd2 Re8 10. Rc1 Bf8 11. Ne4 Nd4 12. Nxd4 exd4 13. b4 c6 14. Qb3 Be6
15. Qb2 Bd5 16. e3 Na4 17. Qxd4 f5 18. Nc3 Bxg2 19. Kxg2 Qxd4 20. exd4 Bxb4
21. Nxa4 Bxd2 22. Rc2 Bg5 23. Rb1 Rab8 24. Nc5 Re7 25. Nb3 Rd8 26. Rc5 g6 27. g4
Rf7 28. gxf5 gxf5 29. Kf3 Kf8 30. Ra5 b6 31. Re5 Bf6 32. Rxf5 Bxd4 33. Rxf7+
Kxf7 34. Ke4 Bxf2 35. Rf1 Re8+ 36. Kf5 Be3 37. Rf3 c5 38. a4 Re6 39. Rh3 h6
40. Na1 Bg5 41. Nb3 Re1 {bily prekrocil cas} 0-1

[Event "Pohár města Říčany 2018"]
[Site "Městské kulturní středisko U labutě"]
[Date "2019.08.27"]
[Round "5.4"]
[White "Vojta, Jakub"]
[Black "Dunder, Ondrej"]
[Result "1/2-1/2"]
[WhiteElo "2256"]
[BlackElo "1717"]
[PlyCount "0"]
[EventDate "2019.08.24"]

1. e4 d5 2. exd5 Nf6 3. Nf3 Qxd5 4. d4 c6 5. c4 Qa5+ 6. Nc3 Bf5 7. Bf4 e6 8. a3
Ne4 9. Qc1 Nxc3 10. Bd2 Nd7 11. Bxc3 Qc7 12. b4 Be7 13. Be2 O-O 14. O-O h6
15. Qe3 Nf6 16. Ne5 Ne4 17. Bb2 a5 18. f3 Nf6 19. Bc3 axb4 20. axb4 Rxa1
21. Rxa1 Rd8 22. g4 Bc2 23. Kh1 b5 24. d5 bxc4 25. Ra7 Qd6 26. dxe6 Qxe6
27. Bxc4 Rd1+ 28. Kg2 Nd5 29. Bxd5 Rxd5 30. Nc4 Qxe3 31. Nxe3 Rd3 32. Rxe7 Rxc3
33. Nxc2 1/2-1/2

[Event "Pohár města Říčany 2018"]
[Site "Městské kulturní středisko U labutě"]
[Date "2019.08.27"]
[Round "5.5"]
[White "Hrbek, Tomas"]
[Black "Otruba, Marek"]
[Result "1/2-1/2"]
[WhiteElo "1744"]
[BlackElo "2133"]
[PlyCount "0"]
[EventDate "2019.08.24"]

1. d4 Nf6 2. c4 c5 3. e3 g6 4. Nf3 Bg7 5. Nc3 O-O 6. Be2 cxd4 7. exd4 d5 8. O-O
Nc6 9. Bf4 dxc4 10. Bxc4 Na5 11. Be2 Be6 12. Qa4 Rc8 13. Rac1 Qb6 14. Ne5 Rfd8
15. Rfd1 Nd5 16. Bd2 Nc6 17. Nxc6 Rxc6 18. Nxd5 Rxd5 19. Rxc6 bxc6 20. Bc3 h5
21. Bf3 Rb5 22. Be2 Rg5 23. Bf3 Bd5 24. Bxd5 Rxd5 25. Kf1 Qb5+ 26. Qxb5 cxb5
27. Ke2 e6 28. Ke3 g5 29. Bb4 Kh7 30. Rd3 Kg6 31. Bc5 a5 32. Ra3 a4 33. b3 axb3
34. Rxb3 Kf5 35. Rxb5 e5 36. Ra5 exd4+ 37. Kd3 Ke6 38. Bb4 f5 39. h3 Rxa5
40. Bxa5 Kd5 1/2-1/2

[Event "Pohár města Říčany 2018"]
[Site "Městské kulturní středisko U labutě"]
[Date "2019.08.27"]
[Round "5.7"]
[White "Hadzala, Daniel"]
[Black "Svetly, Jiri"]
[Result "0-1"]
[BlackElo "1871"]
[EventDate "2019.08.24"]
[PlyCount "0"]
[WhiteElo "2047"]

1. Nf3 Nf6 2. g3 d5 3. Bg2 c5 4. O-O e6 5. d3 Be7 6. Nbd2 O-O 7. e4 Nc6 8. e5
Nd7 9. Re1 Qc7 10. Qe2 h6 11. h4 f5 12. c3 b5 13. Nf1 Qd8 14. a4 bxa4 15. c4
Nb6 16. cxd5 Nxd5 17. N3d2 Nd4 18. Qd1 a3 19. Rxa3 Rb8 20. Nc4 Bb7 21. Rxa7 f4
22. Be4 f3 23. Nh2 Bxh4 24. Rxb7 Rxb7 25. gxh4 Qxh4 26. Kh1 Qxf2 27. Rg1 Ne2
28. Qe1 Ng3+  0-1

[Event "Pohár města Říčany 2018"]
[Site "Městské kulturní středisko U labutě"]
[Date "2019.08.27"]
[Round "5.8"]
[White "Zizka, Petr"]
[Black "Postupa, Pavel"]
[Result "1-0"]
[BlackElo "1940"]
[EventDate "2019.08.24"]
[PlyCount "0"]
[WhiteElo "2081"]

1. b3 e5 2. Bb2 Nc6 3. e3 Nf6 4. Nf3 d6 5. d4 e4 6. d5 Nb4 7. Ng5 h6 8. c3 Nbxd5
9. Nxe4 Bf5 10. Ng3 Bh7 11. Bd3 Bxd3 12. Qxd3 Qd7 13. c4 Nb4 14. Qc3 Nc6 15.
Nd2 d5 16. O-O Bb4 17. Qc2 O-O-O 18. Nf3 Qe6 19. a3 Bf8 20. cxd5 Rxd5 21. b4 g6
22. Rac1 Rd7 23. b5 Nd8 24. Ne5 Re7 25. Qa4 a6 26. bxa6 Qxa6 27. Qxa6 bxa6 28.
Nxg6 fxg6 29. Bxf6 Reh7 30. Bxh8 Rxh8 31. Ne4 Rh7 32. Nc5 a5 33. a4 Rf7 34. e4
Nc6 35. Ne6  1-0

[Event "Pohár města Říčany 2018"]
[Site "Městské kulturní středisko U labutě"]
[Date "2019.08.27"]
[Round "5.9"]
[White "Rodshtein, Tereza"]
[Black "Cermak, Jan"]
[Result "1/2-1/2"]
[BlackElo "1912"]
[EventDate "2019.08.24"]
[PlyCount "0"]
[WhiteElo "2208"]

1. e4 e5 2. Nf3 Nf6 3. Nc3 Bb4 4. Bc4 d6 5. d3 O-O 6. a3 Ba5 7. O-O c6 8. Ba2
Nbd7 9. Ne2 Bc7 10. Be3 d5 11. Ng3 Re8 12. Re1 d4 13. Bd2 Nf8 14. Nh4 Bg4 15.
Qc1 Be6 16. Nhf5 Bxa2 17. Rxa2 Ne6 18. Qd1 Bd6 19. Qf3 Bf8 20. Nf1 Nd7 21. c3
Ndc5 22. Qg3 Qf6 23. Nh6+ Kh8 24. Ng4 Qg6 25. Nxe5 Qxg3 26. Nxg3 f6 27. Nf3
Nxd3 28. Rd1 dxc3 29. Bxc3 Rad8 30. b4 c5 31. Kf1 cxb4 32. axb4 a6 33. Rb1 Nc7
34. Bd2 Nb5  1/2-1/2

[Event "Pohár města Říčany 2018"]
[Site "Městské kulturní středisko U labutě"]
[Date "2019.08.27"]
[Round "5.10"]
[White "Tejkal, Jiri"]
[Black "Novotny, Martin"]
[Result "0-1"]
[WhiteElo "1881"]
[BlackElo "2178"]
[PlyCount "0"]
[EventDate "2019.08.24"]

1. d4 Nf6 2. c4 g6 3. Nc3 Bg7 4. e4 d6 5. Nf3 O-O 6. Be2 e5 7. dxe5 dxe5
8. Qxd8 Rxd8 9. Bg5 Rf8 10. Nd5 Nxd5 11. cxd5 c6 12. Bc4 b5 13. Bb3 Bb7 14. Be7
Re8 15. d6 c5 16. Bd5 Bxd5 17. exd5 Nd7 18. O-O Bf8 19. a4 b4 20. Bxf8 Kxf8
21. Rfe1 a5 22. Rac1 Ra6 23. Nd2 Rxd6 24. Nc4 Rxd5 25. b3 Ra8 26. Rcd1 Rd4
27. Nd6 f5 28. Nb5 Rxd1 29. Rxd1 Ke7 30. Rd6 Rd8 31. Kf1 Nf8 32. Ra6 Rd3
33. Rxa5 Rxb3 34. Ra7+ Nd7 35. a5 Ra3 36. a6 Ra1+ 37. Ke2 b3 38. Nc3 b2 39. Rb7
Rxa6 40. Rxb2 Ke6 41. Kd3 Rd6+ 42. Kc4 Rd4+ 43. Kb5 e4 44. Kc6 Rd6+ 45. Kc7 e3
46. Ra2 Nf6 47. Nb5 Nd5+ 48. Kc8 Rc6+ 49. Kd8 Rb6 50. Nc7+ Kd6 51. Ne8+ Kc6
52. Ra8 c4 0-1

[Event "Pohár města Říčany 2018"]
[Site "Městské kulturní středisko U labutě"]
[Date "2019.08.27"]
[Round "5.12"]
[White "Vilimova, Julie"]
[Black "Elias, Jakub"]
[Result "1/2-1/2"]
[WhiteElo "1953"]
[BlackElo "1836"]
[PlyCount "0"]
[EventDate "2019.08.24"]

1. d4 Nf6 2. c4 g6 3. Nc3 Bg7 4. e4 d6 5. Nf3 O-O 6. Be2 e5 7. dxe5 dxe5
8. Qxd8 Rxd8 9. Bg5 c6 10. Nxe5 Re8 11. O-O-O Nxe4 12. Nxe4 Bxe5 13. f4 Bg7
14. Bf3 Na6 15. Nf6+ Bxf6 16. Bxf6 Be6 17. b3 Nc5 18. Rd2 a5 19. h4 Bf5 20. Rhd1
Ne4 21. Bxe4 Rxe4 22. Rd8+ Re8 23. Rxa8 Rxa8 24. Rd8+ Rxd8 25. Bxd8 a4 26. bxa4
Be6 27. c5 Bxa2 28. Kb2 Bc4 29. Kc3 Bf1 1/2-1/2

[Event "Pohár města Říčany 2018"]
[Site "Městské kulturní středisko U labutě"]
[Date "2019.08.27"]
[Round "5.13"]
[White "Cervenka, Petr"]
[Black "Groh, Jiri"]
[Result "0-1"]
[WhiteElo "1850"]
[BlackElo "2001"]
[PlyCount "0"]
[EventDate "2019.08.24"]

1. e4 c5 2. Nc3 Nc6 3. g3 g6 4. Bg2 Bg7 5. d3 d6 6. f4 e6 7. Nf3 Nge7 8. Be3 b5
9. e5 b4 10. Ne4 dxe5 11. Bxc5 exf4 12. Nd6+ Kf8 13. O-O Bxb2 14. Ng5 Qa5 15. d4
Bxa1 16. Bxc6 Nxc6 17. Qxa1 Kg7 18. Ngxf7 e5 19. gxf4 Rf8 20. fxe5 Be6 21. Qc1
Qc7 22. Nb5 Qd7 23. Bxf8+ Rxf8 24. Ng5 Nxd4 25. Rf6 Ne2+ 0-1

[Event "Pohár města Říčany 2018"]
[Site "Městské kulturní středisko U labutě"]
[Date "2019.08.27"]
[Round "5.14"]
[White "Zvolensky, David"]
[Black "Jirousek, Tadeas"]
[Result "1-0"]
[WhiteElo "2152"]
[BlackElo "1856"]
[PlyCount "0"]
[EventDate "2019.08.24"]

1. d4 Nf6 2. g3 e6 3. Bg2 c5 4. Nf3 Qc7 5. O-O Be7 6. Nc3 a6 7. e4 d6 8. e5
dxe5 9. dxe5 Nfd7 10. Ne4 O-O 11. Bf4 Nc6 12. Nf6+ Kh8 13. Qd3 g6 14. Rfe1 Rd8
15. Qe3 Nf8 16. c3 b5 17. h4 h5 18. g4 hxg4 19. Bg3 Kg7 20. Nxg4 Nh7 21. Qh6+
Kg8 22. Nf6+ Nxf6 23. exf6 Bf8 24. Qxf8+ Kxf8 25. Bxc7 1-0

[Event "Pohár města Říčany 2018"]
[Site "Městské kulturní středisko U labutě"]
[Date "2019.08.27"]
[Round "5.15"]
[White "Holub, Milan"]
[Black "Reljic, Michael"]
[Result "0-1"]
[WhiteElo "1988"]
[BlackElo "1890"]
[PlyCount "0"]
[EventDate "2019.08.24"]

1. d4 d5 2. Nf3 e6 3. Bf4 Bd6 4. Bg3 f5 5. e3 Nf6 6. Nbd2 Nbd7 7. c4 Bxg3
8. hxg3 c6 9. Bd3 Ne4 10. c5 Qf6 11. Nb3 b6 12. Qe2 Bb7 13. a4 O-O 14. a5 bxc5
15. a6 Bc8 16. dxc5 Rb8 17. Nfd4 e5 18. Nxf5 Qxf5 19. f3 Qg5 0-1

[Event "Pohár města Říčany 2018"]
[Site "Městské kulturní středisko U labutě"]
[Date "2019.08.27"]
[Round "5.16"]
[White "Krizek, Krystof"]
[Black "Stepanek, Svatopluk"]
[Result "0-1"]
[WhiteElo "1984"]
[BlackElo "1822"]
[PlyCount "0"]
[EventDate "2019.08.24"]

1. e4 e5 2. Nf3 Nc6 3. Bc4 Be7 4. O-O Nf6 5. d3 a6 6. c3 d5 7. exd5 Nxd5 8. Re1
Nb6 9. Nbd2 Nxc4 10. Nxc4 f6 11. d4 exd4 12. cxd4 O-O 13. Ne3 Kh8 14. b3 Bd6
15. Bb2 Ne7 16. Qd3 Bd7 17. a4 Be8 18. Nc4 Bb4 19. Bc3 Bg6 20. Qd2 Bxc3 21. Qxc3
Nd5 22. Qb2 Nb4 23. Red1 Qd7 24. Qd2 Nd5 25. Ne3 Rfe8 26. Rac1 Be4 27. Ne1 Qf7
28. Nf1 Re7 29. Ng3 Bg6 30. Nf3 h6 31. Nh4 Bh7 32. Nhf5 Re6 33. Rc5 Qd7 34. Rdc1
c6 35. Ne3 Nxe3 36. fxe3 Rae8 37. Nf1 Be4 38. b4 Bd5 39. Qb2 f5 40. Qf2 Rg6
41. Ng3 h5 42. Kf1 f4 43. Rxd5 Qxd5 44. exf4 h4 45. Ne2 h3 46. g3 Rge6 47. Ng1
Qh1 48. g4 Re3 49. b5 axb5 50. axb5 Qe4 51. Rd1 Qd5 52. Qc2 Qxb5+ 53. Kf2 Qd5
54. Kf1 Rf3+ 55. Nxf3 Qxf3+ 56. Kg1 Re2 0-1

[Event "Pohár města Říčany 2018"]
[Site "Městské kulturní středisko U labutě"]
[Date "2019.08.27"]
[Round "5.18"]
[White "Vlkova, Anezka"]
[Black "Nemecek, Pavel"]
[Result "1/2-1/2"]
[WhiteElo "1973"]
[BlackElo "1801"]
[PlyCount "0"]
[EventDate "2019.08.24"]

1. e4 e6 2. d4 d5 3. Nc3 Nf6 4. e5 Nfd7 5. f4 c5 6. Nf3 Nc6 7. Be3 Be7 8. Qd2
a6 9. Bd3 Qb6 10. Na4 Qb4 11. Qxb4 cxb4 12. b3 O-O 13. O-O f6 14. f5 b5 15. fxe6
bxa4 16. exd7 Bxd7 17. bxa4 Na5 18. exf6 Bxf6 19. Rab1 Be7 20. Bd2 Rfb8 21. a3
Nc6 22. axb4 Nxb4 23. Bxb4 Bxb4 24. c4 Bxa4 25. Ra1 Bb3 26. cxd5 Bxd5 27. Ng5
Bd2 28. Rf5 Bc3 29. Ra4 Bb3 30. Bc4+ Bxc4 31. Rxc4 Rc8 32. Ra4 Bd2 33. Ne6 Rc1+
34. Kf2 a5 35. g4 g6 36. Rb5 Rac8 37. Rc5 R1xc5 38. Nxc5 Bb4 39. Nb7 Rc4 40. Kf3
Rxd4 41. Nxa5 Bc5 42. Ra2 Bd6 43. Rg2 g5 44. Nc6 Rc4 45. Nd8 Be7 46. Rd2 Rf4+
47. Kg3 Ra4 48. Rd3 h6 49. Nc6 Bf6 50. h3 Rc4 1/2-1/2

[Event "Pohár města Říčany 2018"]
[Site "Městské kulturní středisko U labutě"]
[Date "2019.08.27"]
[Round "5.19"]
[White "Matys, Jakub"]
[Black "Hejsek, Lukas"]
[Result "1/2-1/2"]
[WhiteElo "1772"]
[BlackElo "1948"]
[PlyCount "0"]
[EventDate "2019.08.24"]

1. d4 Nf6 2. Nf3 g6 3. g3 Bg7 4. Bg2 O-O 5. c4 c6 6. Nc3 d6 7. O-O Qa5 8. e4 e5
9. Re1 Nbd7 10. d5 cxd5 11. Nxd5 Nxd5 12. Qxd5 Qxd5 13. cxd5 b5 14. Bf1 a6
15. a4 bxa4 16. Be3 Bb7 17. Rxa4 f5 18. Rb4 Rfb8 19. exf5 Bxd5 20. Rxb8+ Rxb8
21. Nh4 Be4 22. fxg6 Bxg6 23. Nxg6 hxg6 24. Rd1 Bf8 25. Bxa6 Rxb2 26. Bc8
1/2-1/2

[Event "Pohár města Říčany 2018"]
[Site "Městské kulturní středisko U labutě"]
[Date "2019.08.27"]
[Round "5.20"]
[White "Maly, Filip"]
[Black "Ocelak, Jakub"]
[Result "1-0"]
[WhiteElo "1941"]
[BlackElo "1781"]
[PlyCount "0"]
[EventDate "2019.08.24"]

1. e4 e6 2. d4 d5 3. Nc3 Nf6 4. e5 Nfd7 5. f4 c5 6. Nf3 Nc6 7. Be3 a6 8. Qd2 b5
9. dxc5 Bxc5 10. Bxc5 Nxc5 11. Qf2 Nd7 12. Bd3 Bb7 13. O-O Qb6 14. Ne2 Qxf2+
15. Rxf2 Nb6 16. Ned4 Nxd4 17. Nxd4 Rc8 18. Rc1 Nc4 19. f5 Ke7 20. b3 Nb6
21. Rcf1 Rcf8 22. fxe6 fxe6 23. Rxf8 Rxf8 24. Rxf8 Kxf8 25. Nxe6+ Kg8 26. Nc5
Bc8 27. e6 g6 28. Kf2 Kf8 29. Ke3 Ke7 30. Kd4 Kd6 31. Be2 Na8 32. c4 Bxe6
33. Nxe6 Kxe6 34. cxb5 axb5 35. Bxb5 Kd6 36. a4 Nc7 37. b4 Ne6+ 38. Ke3 Nc7
39. Bd3 Kc6 40. a5 Ne6 41. b5+ Kb7 42. h4 Ka7 43. h5 gxh5 44. Bxh7 d4+ 45. Kd3
h4 46. Be4 Nc5+ 47. Kxd4 Nb3+ 48. Kc4 Nxa5+ 49. Kc5 Nb3+ 50. Kc6 Kb8 51. b6 Nd2
52. Bd5 Nf1 53. Kd6 Ne3 54. Ke5 Kc8 55. Kd4 Nf5+ 56. Kd3 Nd6 57. Ke3 Nf5+
58. Kf4 Ne7 59. Be4 Kb8 60. Kg4 Nc8 61. b7 Nd6 62. Bf3 h3 63. Kxh3 Nf7 64. Kh4
Ne5 65. Be4 {dale necitelne} 1-0

[Event "Pohár města Říčany 2018"]
[Site "Městské kulturní středisko U labutě"]
[Date "2019.08.27"]
[Round "5.22"]
[White "Stojkovic, Andreja"]
[Black "Nemecek, Lukas"]
[Result "0-1"]
[BlackElo "1778"]
[EventDate "2019.08.24"]
[PlyCount "0"]
[WhiteElo "1968"]

1. e4 c5 2. c3 g6 3. Nf3 Bg7 4. Bc4 d6 5. O-O Nc6 6. d3 e6 7. a4 Nge7 8. Re1 O-O
9. Bg5 h6 10. Bh4 e5 11. h3 Be6 12. Nbd2 Qd7 13. Bxe7 Qxe7 14. Nf1 Rae8 15. Ne3
Kh7 16. Nd5 Qd7 17. Re3 f5 18. a5 Bxd5 19. Bxd5 Ne7 20. Qb3 Nxd5 21. Qxd5 Qc6
22. c4 Qxd5 23. cxd5 Rb8 24. Nd2 b6 25. Nc4 b5 26. Nd2 a6 27. Nf3 Rfc8 28. Rc1
Bf6 29. g4 fxg4 30. hxg4 c4 31. Rc3 Bd8 32. Ra3 b4 33. Ra1 c3 34. Re2 c2 35.
Ree1 b3 36. Rec1 Rb5 37. Nd2 Bg5 38. Nc4 Bxc1 39. Rxc1 Rxc4 40. dxc4 Rc5 41.
Kf1 Rxc4 42. f3 Ra4 43. Ke2 Ra2 44. f4 exf4 45. e5 Rxa5 46. e6 Rxd5 47. Kf3 Re5
48. e7 g5 49. Kf2 Rxe7  0-1

[Event "Pohár města Říčany 2018"]
[Site "Městské kulturní středisko U labutě"]
[Date "2019.08.27"]
[Round "5.23"]
[White "Voracek, Zdenek"]
[Black "Horyna, Josef"]
[Result "1-0"]
[BlackElo "1763"]
[EventDate "2019.08.24"]
[PlyCount "0"]
[WhiteElo "1938"]

1. d4 Nf6 2. c4 e6 3. Nf3 d5 4. Nc3 c6 5. e3 Bd6 6. b3 O-O 7. Be2 Nbd7 8. O-O
Re8 9. Bb2 b6 10. Rc1 Bb7 11. a3 a5 12. Nd2 Qe7 13. a4 Bb4 14. f4 Bxc3 15. Rxc3
Rec8 16. Qc1 c5 17. Ba3 Ne4 18. Nxe4 dxe4 19. f5 Qg5 20. fxe6 fxe6 21. Qd2 Rd8
22. Bc1 Ne5 23. Kh1 cxd4 24. exd4 Qxd2 25. Bxd2 Rxd4 26. Be3 Rd7 27. Bxb6 Rd2
28. Re3 Nd7 29. Bc7 Nc5 30. Be5 Bc6 31. Bc3 Rxe2 32. Rxe2 Nxb3 33. Ref2  1-0

[Event "Pohár města Říčany 2018"]
[Site "Městské kulturní středisko U labutě"]
[Date "2019.08.27"]
[Round "5.24"]
[White "Kuhnmund, Ivan"]
[Black "Skala, Jaromir"]
[Result "1/2-1/2"]
[WhiteElo "1631"]
[BlackElo "1899"]
[PlyCount "0"]
[EventDate "2019.08.24"]

1. e4 e5 2. f4 Bc5 3. Qh5 d6 4. fxe5 Qe7 5. exd6 Qxe4+ 6. Qe2 Qxe2+ 7. Bxe2
Bxd6 8. Nf3 Nc6 9. d4 Bf5 10. c3 Nge7 11. O-O O-O 12. Nh4 Be6 13. Bd3 Rfe8
14. Nd2 Ng6 15. Nxg6 hxg6 16. Ne4 Bf8 17. Ng5 Nd8 18. c4 c5 19. d5 Bd7 20. Bf4
f6 21. Nf3 g5 22. Bg3 Re3 23. Bg6 Re2 24. b3 g4 25. Nh4 Nf7 26. Bd3 Re3 27. Rad1
Bd6 28. Bf2 1/2-1/2